قلائد المرجان في الناسخ و المنسوخ من القرآن / (رقم التسجيلة. 125327)
[ عرض عادي ]
| 000 -الفاتح | |
|---|---|
| عناصر البيانات ثابتة الطول | 01023cam a2200229 i 4500 |
| 005 - تاريخ ووقت آخر معاملة | |
| حقل ضبط | 20251126103607.0 |
| 008 - عناصر البيانات ثابتة الطول | |
| عناصر البيانات ثابتة الطول | 250721s2011 xx gr 000 0 ara d |
| 082 14 - رقم تصنيف ديوي العشري | |
| رقم التصنيف | 211.72 |
| رقم المادة | ك ر م |
| 100 1# - مدخل رئيسي – اسم شخصي | |
| الاسم الشخصي | الحنبلي، مرعي بن يوسف الكرمي، |
| تواريخ خاصة بالشخص | - (ت1033ه- 1624م)، |
| علاقة الشخص بالعمل/ دوره | مصنف. |
| 245 10 - بيان العنوان | |
| العنوان | قلائد المرجان في الناسخ و المنسوخ من القرآن / |
| بيان المسؤولية | تصنيف العالم الفاضل الشيخ مرعي بن يوسف الكرمي الحنبلي ؛ دراسة وتحقيق د.سامي عطا حسن. |
| 250 ## - بيان الطبعة | |
| بيان الطبعة | الطبعة الثانية. |
| 264 31 - بيانات النشر، التوزيع…إلخ | |
| مكان النشر، التوزيع...إلخ | عمان : |
| اسم الناشر، الموزع...إلخ | المؤلف، |
| تاريخ النشر، التوزيع...إلخ | 2011. |
| 300 ## - الوصف المادي | |
| عدد الوحدات المكونة للوعاء | 343 صفحة. |
| 490 0# - بيان السلسلة | |
| عنوان السلسلة | سلسلة علوم القرآن الكريم. |
| 650 17 - مدخل إضافي بالموضوع - مصطلح موضوعي | |
| مصطلح موضوعي أو اسم جغرافي كعنصر مدخل | العلوم القرآنية. |
| 650 17 - مدخل إضافي بالموضوع - مصطلح موضوعي | |
| مصطلح موضوعي أو اسم جغرافي كعنصر مدخل | الآيات المنسوخة. |
| 650 17 - مدخل إضافي بالموضوع - مصطلح موضوعي | |
| مصطلح موضوعي أو اسم جغرافي كعنصر مدخل | القرآن. |
| 700 1# - مدخل إضافي - اسم شخصي | |
| الاسم الشخصي | حسن، سامي عطا |
| علاقة الشخص بالعمل/ دوره | محقق. |
| 830 #0 - مدخل إضافي بالسلسلة-عنوان مقنن | |
| عنوان السلسسلة | سلسلة علوم القرآن الكريم. |
| 942 ## - بيانات إضافية (كوها) | |
| نوع التنصيف | Dewey Decimal Classification |
| نوع المادة (كوها) | كتب |
| حالة السحب | حالة الفقدان | مصدر التصنيف | حالة التلف | غير قابل للإعارة | المكتبة الرئيسية | المكتبة الحالية | موقع الرف | تاريخ التزويد | الرقم المتسلسل | Total Checkouts | رقم الإستدعاء | الباركود | تاريخ آخر ظهور | تاريخ الفاتورة | نوع المادة (كوها) |
|---|---|---|---|---|---|---|---|---|---|---|---|---|---|---|---|
| Dewey Decimal Classification | المكتبة المركزية | المكتبة المركزية | الإعارة | 19/05/2012 | 1525063 | 211.72 / ك ر م | PLD00250980 | 28/07/2025 | 19/05/2012 | كتب | |||||
| Dewey Decimal Classification | مكتبة أبو علندا العامة | مكتبة أبو علندا العامة | الإعارة | 19/05/2012 | 1525064 | 211.72/كرم | PLD00250981 | 28/07/2025 | 19/05/2012 | كتب | |||||
| Dewey Decimal Classification | مكتبة أم قصير والمقابلين العامة | مكتبة أم قصير والمقابلين العامة | الإعارة | 19/05/2012 | 1525065 | 211.72/كرم | PLD00250982 | 28/07/2025 | 19/05/2012 | كتب | |||||
| Dewey Decimal Classification | مكتبة الاميرة بديعة | مكتبة الاميرة بديعة | الإعارة | 19/05/2012 | 1525070 | 211.72/كرم | PLD00250987 | 28/07/2025 | 19/05/2012 | كتب | |||||
| Dewey Decimal Classification | مكتبة الجويدة | مكتبة الجويدة | الإعارة | 19/05/2012 | 1525066 | 211.72/كرم | PLD00250983 | 28/07/2025 | 19/05/2012 | كتب | |||||
| Dewey Decimal Classification | مكتبة الحسن العامة | مكتبة الحسن العامة | الإعارة | 19/05/2012 | 1525068 | 211.72/كرم | PLD00250985 | 28/07/2025 | 19/05/2012 | كتب | |||||
| Dewey Decimal Classification | مكتبة النصر العامة | مكتبة النصر العامة | الإعارة | 19/05/2012 | 1525071 | 211.72/كرم | PLD00250988 | 28/07/2025 | 19/05/2012 | كتب | |||||
| Dewey Decimal Classification | مكتبة حمزة العامة | مكتبة حمزة العامة | الإعارة | 19/05/2012 | 1525072 | 211.72/كرم | PLD00250989 | 28/07/2025 | 19/05/2012 | كتب | |||||
| Dewey Decimal Classification | مكتبة صويلح العامة | مكتبة صويلح العامة | الإعارة | 19/05/2012 | 1525067 | 211.72/كرم | PLD00250984 | 28/07/2025 | 19/05/2012 | كتب | |||||
| Dewey Decimal Classification | مكتبة وادي السير العامة | مكتبة وادي السير العامة | الإعارة | 19/05/2012 | 1525074 | 211.72/كرم | PLD00250991 | 28/07/2025 | 19/05/2012 | كتب |